1684 1292 1265 1159 1989 1995 1184 1508 1436 1553 1711 1628 1617 1306 1173 1337 1364 1823 1509 1930 1108 1607 1600 1630 1990 1001 1285 1763 1644 1722 1099 1675 1688 1092 1479 1693 1947 1881 1413 1583 1693 1104 1214 1880 1936 1675 1660 1499 1847 1544 1615 1914 1536 1108 1304 1352 1275 1976 1323 1346 1457 1295 1370 1465 1386 1543 1245 1563 1250 1730 1361 1552 1538 1125 1383 1120 1493 1957 1209 1080 1430 1597 1079 1456 1831 1886 1267 1829 1966 1666 1426 1188 1201 1783 1567 1006 1487 1672 1763 BCNSPRNW ULIB Ver.6.0+V

เปลี่ยนเป็นภาษาไทย

Change to English
 แสดงรายละเอียดบรรณานุกรม
  กลับหน้าหลัก

Brief Record : Get Marc (ISO 2709) : E-mail record : QR code < ปิดหน้าต่าง
LEADER : 00000nam 2200000uu 4500
001    13399126729
003     ULIB
008    020711s2019 th a 000 0 eng d
020    ^a9781496375148
060    ^aQZ267^bC426C
100    ^aChabner, Bruce A.
245    ^aCancer Chemotherapy, Immunotherapy and Biotherapy
250    ^a6th ed
260    ^aPhiladelphia :^bWolters Kluwer,^c2019
300    ^a640 pages;^b30 cm
650    ^aNeoplasms^xDrug Therapy
650    ^aAntineoplastic Agents^xtherapeutic use
650    ^aBiological Products^xtherapeutic use
650    ^aNeoplasms^xtherapy
945    ^p7811^l0^i005391
999    ^aประนอม เกษจรัล
รายการนี้ยังไม่มีแท็ก
คุณยังไม่ได้ล็อกอิน คุณสามารถมีกิจกรรมร่วมกับเว็บไซต์ได้ แต่ต้องล็อกอินก่อน ::
  ล็อกอิน

รายการสื่อสารสนเทศ

ลำดับที่ ประเภท เลขเรียก/บาร์โค้ด สถานที่ สถานะ
1. วิทยาศาสตร์การแพทย์ และสุขภาพ
หนังสือสำรอง
สถานะ=หนังสือสำรอง
QZ267 C426C ฉ.1 
  Barcode: 005391
ห้องสมุดวิทยาเขตสวรรค์ประชารักษ์
►หนังสือทั่วไป
บนชั้น

BibComment


ยังไม่เคยถูกคอมเมนท์

คอมเมนท์ทรัพยากรรายการนี้
  คอมเมนท์: Cancer Chemother..


 Copyright 2026. Bcnsprnw @Library